|
|
|
|
| LEADER |
00000nam a2200000 i 4500 |
| 001 |
115580 |
| 003 |
CZ ZlUTB |
| 005 |
20260505092819.0 |
| 007 |
ta |
| 008 |
260324s2026 xr af e p 001 0 cze |
| 015 |
|
|
|a cnb003746980
|
| 020 |
|
|
|a 978-80-271-5435-7
|q (brožováno) :
|c Kč 339,00
|
| 040 |
|
|
|a BOA001
|b cze
|d ABA001
|e rda
|
| 043 |
|
|
|a e-xr---
|a e------
|
| 045 |
|
|
|a w-y-
|
| 072 |
|
7 |
|a 614
|x Veřejné zdraví a hygiena
|2 Konspekt
|9 14
|
| 072 |
|
7 |
|a 37.016
|x Učební osnovy. Vyučovací předměty. Učebnice
|2 Konspekt
|9 22
|
| 080 |
|
|
|a 614
|2 MRF
|
| 080 |
|
|
|a 614.2
|2 MRF
|
| 080 |
|
|
|a 613:37.03
|2 MRF
|
| 080 |
|
|
|a 37.015.31:613
|2 MRF
|
| 080 |
|
|
|a (437.3)
|2 MRF
|
| 080 |
|
|
|a (4)
|2 MRF
|
| 080 |
|
|
|a (075.8)
|2 MRF
|
| 100 |
1 |
|
|a Hamplová, Lidmila,
|d 1960-
|7 mzk2014835208
|4 aut
|
| 245 |
1 |
0 |
|a Veřejné zdravotnictví a výchova ke zdraví :
|b pro zdravotnické obory /
|c Lidmila Hamplová
|
| 250 |
|
|
|a 2., aktualizované a rozšířené vydání
|
| 264 |
|
1 |
|a Praha :
|b Grada Publishing,
|c 2026
|
| 300 |
|
|
|a 150 stran, viii stran obrazových příloh :
|b ilustrace (převážně barevné) ;
|c 24 cm
|
| 336 |
|
|
|a text
|b txt
|2 rdacontent
|
| 337 |
|
|
|a bez média
|b n
|2 rdamedia
|
| 338 |
|
|
|a svazek
|b nc
|2 rdacarrier
|
| 490 |
1 |
|
|a Sestra
|
| 500 |
|
|
|a V tiráži chybně uvedeno: 1. vydání
|
| 504 |
|
|
|a Obsahuje bibliografie a rejstřík
|
| 648 |
|
7 |
|a 19.-21. století
|7 ch757016
|2 czenas
|
| 650 |
0 |
7 |
|a veřejné zdravotnictví
|7 ph127086
|2 czenas
|
| 650 |
0 |
7 |
|a zdravotnictví
|7 ph127574
|z Česko
|y 19.-21. století
|2 czenas
|
| 650 |
0 |
7 |
|a výchova ke zdraví
|7 ph127426
|z Česko
|2 czenas
|
| 650 |
0 |
7 |
|a výchova ke zdraví
|7 ph127426
|z země Evropské unie
|2 czenas
|
| 650 |
0 |
7 |
|a zdravotní gramotnost
|7 ph534645
|z Česko
|2 czenas
|
| 650 |
0 |
7 |
|a zdravotní gramotnost
|7 ph534645
|z země Evropské unie
|2 czenas
|
| 650 |
0 |
9 |
|a public health service
|2 eczenas
|
| 650 |
0 |
9 |
|a health service
|z Czechia
|y 19th-21st centuries
|2 eczenas
|
| 650 |
0 |
9 |
|a health education
|z Czechia
|2 eczenas
|
| 650 |
0 |
9 |
|a health education
|z European Union countries
|2 eczenas
|
| 650 |
0 |
9 |
|a health literacy
|z Czechia
|2 eczenas
|
| 650 |
0 |
9 |
|a health literacy
|z European Union countries
|2 eczenas
|
| 655 |
|
7 |
|a učebnice vysokých škol
|7 fd133772
|2 czenas
|
| 655 |
|
9 |
|a textbooks (higher)
|2 eczenas
|
| 710 |
2 |
|
|a Grada (nakladatelství)
|7 kn20080316009
|4 pbl
|
| 830 |
|
0 |
|a Sestra (Grada)
|
| 910 |
|
|
|a ZLD002
|
| 942 |
|
|
|2 udc
|
| 952 |
|
|
|0 0
|1 0
|4 0
|6 614HAMPLOVÁL
|7 -1
|8 BOOK
|9 190992
|a UTBZL
|b UTBZL
|c 005
|d 2026-05-05
|l 0
|o 614/HAMPLOVÁ,L.
|p 420010201864
|r 2026-05-05 09:28:58
|v 339.00
|w 2026-05-05
|x N:nákup
|y 01
|
| 952 |
|
|
|0 0
|1 0
|4 0
|6 614HAMPLOVÁL
|7 -1
|8 BOOK
|9 190993
|a UTBZL
|b UTBZL
|c 006
|d 2026-05-05
|l 0
|o 614/HAMPLOVÁ,L.
|p 420010201865
|r 2026-05-05 09:29:35
|v 339.00
|w 2026-05-05
|x N:nákup
|y 04
|
| 992 |
|
|
|a BK
|b SKNEW
|
| 999 |
|
|
|c 115580
|d 115580
|